| Tag |
First Indicator |
Second Indicator |
Subfields |
| LEADER |
00000cam a2200000 4500 |
| 001 |
in00000487550 |
| 005 |
20151013054010.0 |
| 008 |
720803s1972 njua b 00000 eng |
| 010 |
|
|
|a 78169129
|
| 035 |
|
|
|a (OCoLC)00373613
|
| 035 |
|
|
|9 ACC1143AM
|
| 040 |
|
|
|c OSU
|d TXA
|d UtOrBLW
|
| 049 |
|
|
|a TXAM
|c [1105321]
|
| 050 |
0 |
0 |
|a P121
|b .W69
|
| 100 |
1 |
|
|a Williams, Frederick,
|d 1933-
|
| 245 |
1 |
0 |
|a Language and speech ;
|b introductory perspectives.
|
| 264 |
|
1 |
|a Englewood Cliffs, N.J. :
|b Prentice-Hall,
|c [1972]
|
| 264 |
|
4 |
|c [©1972]
|
| 300 |
|
|
|a viii, 139 pages :
|b illustrations ;
|c 22 cm.
|
| 336 |
|
|
|a text
|b txt
|2 rdacontent
|
| 337 |
|
|
|a unmediated
|b n
|2 rdamedia
|
| 338 |
|
|
|a volume
|b nc
|2 rdacarrier
|
| 504 |
|
|
|a Bibliography: pages 131-134.
|
| 650 |
|
0 |
|a Linguistics.
|
| 650 |
|
0 |
|a Psycholinguistics.
|
| 650 |
|
0 |
|a Sociolinguistics.
|
| 999 |
|
|
|a MARS
|
| 999 |
f |
f |
|s e8aad812-37a9-31f2-94a1-7f8ffdeff481
|i 0411d693-da5b-3339-a7c9-05d0fc639ef1
|t 0
|
| 952 |
f |
f |
|p normal
|a Texas A&M University
|b College Station
|c Sterling C. Evans Library
|d Evans: Library Stacks
|t 0
|e P121 .W69
|h Library of Congress classification
|i unmediated -- volume
|m A14803530409
|
| 998 |
f |
f |
|a P121 .W69
|t 0
|l Evans: Library Stacks
|